Testovanie zisku ako metóda oceňovania produktov životného poistenia dizertačná práca

Salvato in:
Dettagli Bibliografici
Autore principale: Knošková, Natália
Ente Autore: Ekonomická univerzita v Bratislave. Fakulta hospodárskej informatiky
Altri autori: Sakálová, Katarína, 1955-
Natura: Libro
Lingua:slovacco
Pubblicazione: Bratislava 2010
Soggetti:
Tags: Aggiungi Tag
Nessun Tag, puoi essere il primo ad aggiungerne!!

MARC

LEADER 00000nam a2200000 4500
001 0123781
005 20230227093143.5
041 0 |a slo 
044 |a SK 
245 1 0 |a Testovanie zisku ako metóda oceňovania produktov životného poistenia  |b dizertačná práca  |c Natália Knošková ; Školiteľ: Katarína Sakálová 
264 1 |a Bratislava  |c 2010 
300 |a 136 s. 
610 2 0 |a poistenie životné 
610 2 0 |a aktuári 
610 2 0 |a miera zisku 
100 1 |a Knošková, Natália 
700 1 |a Sakálová, Katarína, 1955- 
710 2 |a Ekonomická univerzita v Bratislave. Fakulta hospodárskej informatiky